MARC

LEADER 00000nam0a2200000 4500
001 27609
005 20231101205815.0
010 |a 5030033580 
035 |a (RuTPU)RU\TPU\book\27862 
035 |a BOOK00027937 
090 |a 27609 
100 |a 20011209d2001 m y0rusy50 ca 
101 0 |a rus 
102 |a RU 
105 |a y j 000zy 
200 1 |a Задачи и вопросы по аналитической химии  |f Е. Н. Дорохова, Г. В. Прохорова 
210 |a Москва  |c Мир  |d 2001 
215 |a 268 с. 
320 |a Библиогр.: с. 255-256. 
606 1 |a Аналитическая химия  |2 stltpush  |3 (RuTPU)RU\TPU\subj\67454  |9 83247 
610 1 |a задачи 
610 1 |a решения 
610 1 |a равновесие 
610 1 |a реакции 
610 1 |a контрольные вопросы 
610 1 |a практические пособия 
675 |a 543(076)  |v 3 
700 1 |a Дорохова  |b Е. Н.  |g Евгения Николаевна 
701 1 |a Прохорова  |b Г. В.  |g Галина Васильевна 
801 0 |a RU  |b 63413507  |c 20011209  |g PSBO 
801 2 |a RU  |b 63413507  |c 20200630  |g PSBO 
942 |c BK